000
00311nam a2200133Ia 4500
005
20251222141809.0
008
251222s9999||||xx |||||||||||||| ||spa||
082
_a
641.3/G68
100
_a
Fernando González Vigil
245
0
_a
Alimentos y Transnacionales
250
_a
2a.ed.
264
_b
DESCO
942
_c
LIB
999
_c
6414
_d
6414